000 00576nam a2200193 u 4500
005 20220528063519.0
008 100827s2006 r 000 0 eng d
020 _a8467508760
035 _aUPN01000177543
049 _aCG
050 4 _aGV943.25
_bS3.7
100 1 _aSantiago, Roberto,
_d1968-
245 1 0 _a30 días :
_bel diario de Iván en los mundiales /
_cRoberto Santiago.
260 _aMadrid :
_bSM,
_c2006.
300 _a349 p. :
_bil.
650 4 _aFUTBOL (SOCCER) -
_vLITERATURA JUVENIL
_917144
650 0 _aLiteratura juvenil española
_912359
905 _aLibro
999 _c149646
_d149646